000 00550nam a2200193Ia 4500
008 151119s9999||||xx |||||||||||||| ||und||
082 _a891.46309
082 _bGKKV20678
100 _aजाधव रा ग
245 _aमराठीतील कथारूपे
260 _a--
260 _b--
260 _c0
600 _aजाधव रा ग
630 _aमराठीतील कथारूपे
700 _aजाधव रा ग
730 _aमराठीतील कथारूपे
942 _cBOOK
999 _c1073546
_d1073543